1173 1360 1642 1287 1407 1017 1811 1609 1136 1563 1053 1051 1322 1532 1268 1795 1814 1071 1994 1703 1061 1628 1023 1216 1065 1835 1613 1349 1784 1856 1667 1494 1805 1936 1924 1199 1358 1856 1063 1543 1851 1247 1263 1397 1478 1098 1903 1625 1157 1505 1200 1064 1531 1941 1993 1724 1860 1306 1567 1169 1957 1190 1861 1565 1376 1098 1774 1134 1084 1899 1557 1921 1593 1540 1931 1205 1979 1746 1210 1857 1380 1163 1119 1458 1372 1280 1980 1347 1428 1733 1597 1246 1333 1414 1302 1131 1227 1836 1592 BCNSPRNW ULIB Ver.6.0+V

เปลี่ยนเป็นภาษาไทย

Change to English
 แสดงรายละเอียดบรรณานุกรม
  กลับหน้าหลัก

Brief Record : Get Marc (ISO 2709) : E-mail record : QR code < ปิดหน้าต่าง
LEADER : 00000nam 2200000uu 4500
001    13399124109
003     ULIB
008    150118s2556||||th 000 0 tha d
020    ^a9786167546216
060  4 ^aWB327^bส719ร
100 0  ^aสิทธา ลิขิตนุกูล
245 00 ^aรู้ทันโรคไม่ป่วย/ ^cโดย สิทธา ลิขิตนุกูล
260    ^aสมุทรปราการ : ^bมายเบสส์บุ๊คส์,^c2556
300    ^a216 หน้า : ^bภาพประกอบ ; ^c21ซม
650  0 ^aรู้ทันโรคไม่ป่วย^xโรค-การป้องกันและควบคุม
945    ^p169^l0^i038366
945    ^p169^l0^i038367
945    ^p169^l0^i038368
945    ^p169^l0^i038369
945    ^p169^l0^i038370
999    ^aกมลทิพย์ ธนสารสุธี
รายการนี้ยังไม่มีแท็ก
คุณยังไม่ได้ล็อกอิน คุณสามารถมีกิจกรรมร่วมกับเว็บไซต์ได้ แต่ต้องล็อกอินก่อน ::
  ล็อกอิน

รายการสื่อสารสนเทศ

ลำดับที่ ประเภท เลขเรียก/บาร์โค้ด สถานที่ สถานะ
1. วิทยาศาสตร์การแพทย์ และสุขภาพ
หนังสือสำรอง
สถานะ=หนังสือสำรอง
WB327 ส719ร ฉ.1 
  Barcode: 038366
ห้องสมุดวิทยาเขตสวรรค์ประชารักษ์
►ส่วนจัดเก็บหนังสือเก่า สปร
บนชั้น
  ขอยืม
2. วิทยาศาสตร์การแพทย์ และสุขภาพ
วิทยาศาสตร์การแพทย์ และสุขภาพ
WB327 ส719ร ฉ.2 
  Barcode: 038367
ห้องสมุดวิทยาเขตสวรรค์ประชารักษ์
►ส่วนจัดเก็บหนังสือเก่า สปร
บนชั้น
  ขอยืม
3. วิทยาศาสตร์การแพทย์ และสุขภาพ
วิทยาศาสตร์การแพทย์ และสุขภาพ
WB327 ส719ร ฉ.3 
  Barcode: 038368
ห้องสมุดวิทยาเขตสวรรค์ประชารักษ์
►ส่วนจัดเก็บหนังสือเก่า สปร
บนชั้น
  ขอยืม
4. วิทยาศาสตร์การแพทย์ และสุขภาพ
วิทยาศาสตร์การแพทย์ และสุขภาพ
WB327 ส719ร ฉ.4 
  Barcode: 038369
ห้องสมุดวิทยาเขตสวรรค์ประชารักษ์
►ส่วนจัดเก็บหนังสือเก่า สปร
บนชั้น
  ขอยืม
5. วิทยาศาสตร์การแพทย์ และสุขภาพ
วิทยาศาสตร์การแพทย์ และสุขภาพ
WB327 ส719ร ฉ.5 
  Barcode: 038370
ห้องสมุดวิทยาเขตสวรรค์ประชารักษ์
►ส่วนจัดเก็บหนังสือเก่า สปร
บนชั้น
  ขอยืม

รายการใกล้เคียง
    ผู้แต่ง [สิทธา ลิขิตนุกูล]

BibComment


ยังไม่เคยถูกคอมเมนท์

คอมเมนท์ทรัพยากรรายการนี้
  คอมเมนท์: รู้ทันโรคไม่ป่วย..


 Copyright 2026. Bcnsprnw @Library